Boomsville /
Cortometraje animado sobre el proceso urbanizador en América. Formación de las ciudades. Desde la colonización a la era tecnológica.
Guardado en:
| Autor Corporativo: | |
|---|---|
| Formato: | |
| Materias: | |
| Etiquetas: |
Agregar Etiqueta
Sin Etiquetas, Sea el primero en etiquetar este registro!
|
| LEADER | 00859ngm a22002415g 4500 | ||
|---|---|---|---|
| 001 | CEM.cems021930 | ||
| 008 | 130507b1993##################0###0#####d | ||
| 005 | 20240920141423.0 | ||
| 245 | 1 | 0 | |a Boomsville / |c The National Board Of Canada. |
| 300 | |a 20 | ||
| 500 | |a En soporte VHS, consultar en ventanilla. | ||
| 520 | |a Cortometraje animado sobre el proceso urbanizador en América. Formación de las ciudades. Desde la colonización a la era tecnológica. | ||
| 538 | |a Soporte: VHS - Norma: Pal N - Color - Grabación DRD 1993 - Hitachi=5061 | ||
| 110 | 2 | |a The National Board of Canada. | |
| 082 | 9 | 1 | |/ SED |
| 653 | |a GEOGRAFIA | ||
| 653 | |a AMERICA | ||
| 653 | |a CANADA | ||
| 653 | |a URBANISMO | ||
| 653 | |a CANADA-URBANISMO | ||
| 653 | |a CIUDADES | ||
| 653 | |a NIVEL SECUNDARIO | ||
| 859 | |a CEMS |b BIB. CEMS - Depto. Recursos Didacticos |h 910 |i SED |k DRD |p 573.12 |t Ej.1 | ||
